[Event "GER-ch U12"]
[Site "Willingen"]
[Date "2005.05.17"]
[Round "6"]
[White "Mytyukova, Yevgeniya"]
[Black "Rau, Carla"]
[Result "1-0"]
[WhiteElo "1201"]
[BlackElo "1063"]
[PlyCount "49"]
[EventDate "2005.05.14"]
[EventType "swiss"]
[EventRounds "11"]
[EventCountry "GER"]
[SourceTitle "CBM 106 Extra"]
[Source "ChessBase"]
[SourceDate "2005.07.01"]
[SourceVersion "1"]
[SourceVersionDate "2005.07.01"]
[SourceQuality "1"]

1. e4 c5 2. Nf3 Nc6 3. d4 cxd4 4. Nxd4 g6 5. Nc3 Bg7 6. Be3 Nf6 7. Qd2 d5 8. exd5 Nxd5 9. Bb5 Bxd4 10. Qxd4 Be6 11. Qxh8+ Kd7 12. Qxd8+ Rxd8 13. Nxd5 Bxd5 14. 0-0-0 Ke6 15. Bxc6 bxc6 16. Rhe1 Rc8 17. Bxa7+ Kf5 18. Rxe7 Bxa2 19. b3 c5 20. Rdd7 c4 21. Rc7 Rxc7 22. Rxc7 cxb3 23. Kb2 bxc2 24. Kxa2 c1Q 25. Rxc1 1-0